| 000 | 00453nab a2200145Ia 4500 | ||
|---|---|---|---|
| 003 | ES-SlBCS | ||
| 005 | 20210601125306.0 | ||
| 008 | 140529s2000 xxu||||| |||| 00| 0 eng d | ||
| 041 | _aeng | ||
| 100 | 1 |
_aHuemer, Michael _9156386 |
|
| 245 | 0 | 0 |
_aDirect Realism and the Brain-in-a-Vat Argument _c Michael Huemer |
| 650 | 0 | 4 |
_aEscepticismo _9117291 |
| 773 | 0 |
_tPhilosophy and Phenomenological Research _gvol. 61, 2000, págs. 397-413 _wRev1411 |
|
| 942 | _cAR | ||
| 999 |
_c527936 _d527936 |
||